000 00463pab a2200181 454500
008 180718b2009 xxu||||| |||| 00| 0 eng d
100 _aKluvers, Ron
245 _aParticipation in the budgetary process in local government
260 _c2009
300 _ap.220-30.
362 _aJun
650 _aBudget
650 _aLocal government
700 _aPillay, Soma
773 _aAustralian Journal of Public Administration
908 _aN
909 _a82799
999 _c82799
_d82799